000 01395nam0a22003611 4500
001 v19\rc\1724016
005 20230117111545.0
035 _a(NLR Aleph) 004821012
090 _a5017847
_c5017846
100 _a20061002e19011901|||y0rusy50 ca
101 0 _arus
102 _aRU
105 _aa z |||||
200 1 _aГеологические наблюдения в Щигровском уезде Курской губернии
_fА. Державин
210 _aСанкт-Петербург
_cтипо-лит. К. Биркенфельда
_d1901
215 _a435-445 с.
_cил.
_d24
300 _aОбл. на рус. и фр. яз.; рез. на фр. яз.
300 _aНа обл.: № 44
309 _aБез тит. л.
311 _aОтт. из т. 20, [№ 8] "Изв. Геол. ком."
488 0 _12001#$aИзвестия Геологического комитета$vТ. 20, № 8
532 1 3 _aГеологические наблюдения в Щигровском уезде Курской губернии
700 1 _aДержавин
_bА. Н.
_f1857-
_gАлексей Николаевич
801 0 _aRU
_bNLR
_gpsbo
801 0 _aRU
_bRuMoRGB
_2psbo
801 1 _aRU
_bProSoft-M
_2rusmarc
852 _aNLR
_j18.334.3.247
899 _aRuMoRGB
_jF 83/868
899 _aБАН
899 _aНБ МГУ
942 _cBOOK
980 _aNB